书目信息 |
| 题名: |
这样的领导最不受欢迎
|
|
| 作者: | 李进华 , 李朝 主编 | |
| 分册: | ||
| 出版信息: | 北京 中国经济出版社 2004.05 |
|
| 页数: | 362页 | |
| 开本: | 21cm | |
| 丛书名: | ||
| 单 册: | ||
| 中图分类: | C933 | |
| 科图分类: | ||
| 主题词: | 领导学--通俗读物 | |
| 电子资源: | ||
| ISBN: | 7-5017-1096-1 | |
| 000 | 00750nam0 2200241 45 | |
| 001 | 0140818099 | |
| 005 | 20050915102310.69 | |
| 010 | @a7-5017-1096-1@dCNY25.00 | |
| 100 | @a20040818d2004 km y0chiy0120 ea | |
| 101 | 0 | @achi |
| 102 | @aCN@b110000 | |
| 105 | @ay z 000yy | |
| 200 | 1 | @a这样的领导最不受欢迎@Azhe yang de ling dao zui bu shou huan ying@f李进华,李朝主编@Fli jin hua,li chao zhu bian |
| 210 | @a北京@c中国经济出版社@d2004.05 | |
| 215 | @a362页@d21cm | |
| 312 | @a英文题名取自封面。 | |
| 510 | 1 | @aThis kinds of leader is not populara bit@zeng |
| 606 | 0 | @a领导学@j通俗读物 |
| 690 | @aC933@v4 | |
| 701 | 0 | @a李进华@Ali jin hua@4主编 |
| 701 | 0 | @a李朝@Ali chao@4主编 |
| 801 | 0 | @aCN@bQSSK@c20050915 |
| 905 | @a10447@dC933@eL182 | |
| 这样的领导最不受欢迎/李进华,李朝主编.-北京:中国经济出版社,2004.05 |
| 362页;21cm |
| ISBN 7-5017-1096-1:CNY25.00 |
| ● |
| 相关链接 |
|
|
|
正题名:这样的领导最不受欢迎
索取号:C933/L182
 
预约/预借
| 序号 | 登录号 | 条形码 | 馆藏地/架位号 | 状态 | 备注 |
| 1 | 563996 | 205639969 | 社科库509/509社科库 65排4列5层/ [索取号:C933/L182] | 在馆 | |
| 2 | 563997 | 205639978 | 社科库509/509社科库 65排4列5层/ [索取号:C933/L182] | 在馆 | |
| 3 | 563998 | 205639987 | 社科库509/509社科库 65排4列5层/ [索取号:C933/L182] | 在馆 |